000 00650nam a2200265Ia 4500
005 20260121170644.0
008 008 260114s9999 xx 000 0 eng d
020 _a9783319944067
037 _aEBOOK
040 _aCRL
040 _beng
040 _cCRL
041 _2eng
041 _aeng
084 _qCRL
100 _aLuman Ali
_91066538
245 0 _aBritish Diplomacy and the Iranian Revolution, 1978-1981
260 _bSpringer
260 _bSpringer
260 _c2018
856 _uhttps://link.springer.com/openurl?genre=book&isbn=978-3-319-94406-7
942 _cEBOOK
999 _c1632268
_d1632268